| 000 | 00627nam a22001697a 4500 | ||
|---|---|---|---|
| 005 | 20251108175053.0 | ||
| 008 | 250721s2009 xx 000 0 ara d | ||
| 082 | 1 | 4 | _a370.15/عبد |
| 100 | 1 | _aعبدا لمعطي، عبدالله محمد | |
| 245 | 1 | 0 | _aعلم ابنك كيف يحب اخاه : 100 طريقة تجعل أبناءك يحبون بعضهم أكثر / |
| 264 | 1 |
_aالقاهرة : _bالأندلس الجديدة للنشر والتوزيع، _c2009. |
|
| 300 | _a304 ص. | ||
| 650 | 1 | 7 | _aالارشاد التربوي |
| 650 | 1 | 7 | _aعلم النفس التربوي |
| 942 |
_2ddc _cBK |
||
| 999 |
_c125446 _d125446 |
||